Graves memoirs of the Civil War /

Bibliographic Details
Other Authors: Bates, Frederic Alan (Compiler)
Format: Book
Language:English
Published: Edinburgh, Scotland ; London, England : W. Blackwood and Sons, 1927.
Subjects:

MARC

Tag First Indicator Second Indicator Subfields
LEADER 00000cam a2200000 i 4500
001 in00001102821
005 20150930061605.0
008 780331s1927 stkf 000 0 eng d
035 |a (OCoLC)03766474 
035 |9 AFV1004AM 
040 |a MHR  |c MHR  |d UtOrBLW 
049 |a TXAM 
090 |a DA419.A1  |b B3 1927 
100 1 |a Bates, Frederic Alan,  |e compiler. 
245 1 0 |a Graves memoirs of the Civil War /  |c compiled from seventeenth century records by F.A. Bates. 
264 1 |a Edinburgh, Scotland ;  |a London, England :  |b W. Blackwood and Sons,  |c 1927. 
300 |a xxvi, 415 pages :  |b plates, 6 charts in pocket 
336 |a text  |b txt  |2 rdacontent 
337 |a unmediated  |b n  |2 rdamedia 
338 |a volume  |b nc  |2 rdacarrier 
500 |a Memoirs compiled chiefly from the papers of Colonel Richard Graves, Thomas and Mary Graves of Waterford and Richard Graves of Lincoln's Inn. (British Museum catalog) 
500 |a Addendum to page 59 -- pages 373-375. 
651 0 |a Great Britain  |x History  |y Civil War, 1642-1649. 
600 3 4 |a Graves family. 
999 |a MARS 
999 f f |s 1b902c50-f678-3498-a718-b0e5efb5d11c  |i 7ebc0e14-5ebc-3e0a-9140-5798d61cb6bc  |t 0 
952 f f |p ric  |a Texas A&M University  |b Rellis Campus  |c Joint Library Facility  |d Remote Storage  |t 0  |e DA419.A1 B3 1927  |h Library of Congress classification  |i unmediated -- volume  |m A14817141123 
998 f f |a DA419.A1 B3 1927  |t 0  |l Remote Storage